header

Radio propagation measurement and channel modelling (Record no. 57258)

MARC details
000 -LEADER
fixed length control field 01441nam a2200325 a 4500
082 04 - DEWEY DECIMAL CLASSIFICATION NUMBER
Classification number 621.3841/1
100 1# - MAIN ENTRY--AUTHOR NAME
Personal name Salous, Sana.
245 10 - TITLE STATEMENT
Title Radio propagation measurement and channel modelling
260 ## - PUBLICATION, DISTRIBUTION, ETC. (IMPRINT)
Place of publication Chichester, England :
Name of publisher Wiley,
Year of publication c2013.
300 ## - PHYSICAL DESCRIPTION
Number of Pages 1 online resource (xxi, 399 p.) :
Other physical details ill. (some col.), charts, photographs.
650 #0 - SUBJECT ADDED ENTRY--TOPICAL TERM
Topical Term Shortwave radio
Topical Term Radio wave propagation
Topical Term Wireless communication systems.
856 40 - ELECTRONIC LOCATION AND ACCESS
Uniform Resource Identifier http://site.ebrary.com/lib/rucke/Doc?id=10674811
588 ## -
-- Description based on online resource; title from title page (ebrary, viewed May 9, 2013).

No items available.

© 2026 Rongo University
Contact us: librarian | system librarian | Rongo university